000 00841nam a2200265Ia 4500
003 OSt
005 20220926005233.0
006 a|||||r|||| 00| 0
007 ta
008 220923b |||||||| |||| 00| 0 eng d
020 _a8178295261
037 _cGeneral Book
040 _aRTL
_cRTL
_beng
041 _2eng
_aeng
082 _aX:8F:(B).2.P, P6
100 _aPradhan Basanta K and others
_9309893
245 0 _aSocial accounting matrix for India
260 _a New Delhi
_bSage Publications India
_c2006
300 _a437p
_ccm.
490 _aNational Council of Applied Economic Research
500 _aBibliography P 432-437; Appendix P 224-341
650 _aAccounts Economics - Mathematics
_9309894
942 _hX:8F:(B).2.P, P6
_cGB
_2CC
999 _c613225
_d613225